Về xây dựng môi trường văn hóa cơ sở
Trình bày môi trường văn hóa cơ sở và vai trò của nó trong đời sống cộng đồng; một số nguyên tắc phương pháp luận cơ bản xây dựng môi trường văn hóa cơ sở hiện nay.
Đã lưu trong:
| Tác giả chính: | |
|---|---|
| Định dạng: | Sách |
| Năm xuất bản: |
H.
Chính trị Quốc gia
2001
|
| Chủ đề: | |
| Tags: |
Thêm thẻ
Không có thẻ, Hãy là người đầu tiên gắn thẻ bản ghi này!
|
| LEADER | 01645nam a2200217 4500 | ||
|---|---|---|---|
| 999 | |c 8931 |d 8931 | ||
| 082 | |a 306.09597 |b V114Đ | ||
| 100 | |a Văn Đức Thanh | ||
| 245 | |a Về xây dựng môi trường văn hóa cơ sở |c Văn Đức Thanh | ||
| 260 | |a H. |b Chính trị Quốc gia |c 2001 | ||
| 300 | |a 291 tr. |c 19 cm. | ||
| 520 | |a Trình bày môi trường văn hóa cơ sở và vai trò của nó trong đời sống cộng đồng; một số nguyên tắc phương pháp luận cơ bản xây dựng môi trường văn hóa cơ sở hiện nay. | ||
| 653 | |a Văn hóa | ||
| 653 | |a Xây dựng | ||
| 653 | |a Môi trường văn hóa | ||
| 653 | |a Việt Nam | ||
| 942 | |2 ddc |c STK0 | ||
| 952 | |0 0 |1 0 |2 ddc |4 0 |6 306_095970000000000_V114Đ |7 0 |8 300 |9 73566 |a qbu |b qbu |c D2 |d 2015-05-04 |g 20000 |o 306.09597 V114Đ |p 8488.c1 |w 2015-05-04 |y STK0 |0 0 |6 306_000000000000000_V114Đ |0 0 |6 306_095970000000000_V114Đ |0 0 |6 306_000000000000000_V114Đ | ||
| 952 | |0 0 |1 0 |2 ddc |4 0 |6 306_095970000000000_V114Đ |7 0 |8 300 |9 73567 |a qbu |b qbu |c D2 |d 2015-05-04 |g 20000 |o 306.09597 V114Đ |p 8488.c2 |w 2015-05-04 |y STK0 |0 0 |6 306_000000000000000_V114Đ |0 0 |6 306_095970000000000_V114Đ |0 0 |6 306_000000000000000_V114Đ | ||
| 952 | |0 0 |1 0 |2 ddc |4 0 |6 306_095970000000000_V114Đ |7 0 |8 300 |9 73568 |a qbu |b qbu |c D2 |d 2015-05-04 |g 20000 |o 306.09597 V114Đ |p 8488.c3 |w 2015-05-04 |y STK0 |0 0 |6 306_000000000000000_V114Đ |0 0 |6 306_095970000000000_V114Đ |0 0 |6 306_000000000000000_V114Đ | ||
| 952 | |0 0 |1 0 |2 ddc |4 0 |6 306_095970000000000_V114Đ |7 0 |8 300 |9 73569 |a qbu |b qbu |c D2 |d 2015-05-04 |g 20000 |o 306.09597 V114Đ |p 8488.c4 |w 2015-05-04 |y STK0 |0 0 |6 306_000000000000000_V114Đ |0 0 |6 306_095970000000000_V114Đ |0 0 |6 306_000000000000000_V114Đ | ||